Consideraciones sobre las series harmónicas y los procedimientos aproximados empleados en el trazado de los engranajes / por José Serrat Bonastre
Descripción Física:
25 p. : il. ; 25 cm
Materias:
Engranatges
MARC
| LEADER | 00000nam a2200000Ia 4500 | ||
|---|---|---|---|
| 001 | 18622 | ||
| 008 | 160829s1903 xx 000 0 cat d | ||
| 080 | |a RF-3-36 | ||
| 100 | |a Serrat y Bonastre, José |9 38390 | ||
| 245 | |a Consideraciones sobre las series harmónicas y los procedimientos aproximados empleados en el trazado de los engranajes / por José Serrat Bonastre | ||
| 260 | |a Barcelona : |b Imprenta de Pedro Ortega, |c 1903 | ||
| 300 | |a 25 p. : |b il. ; |c 25 cm | ||
| 590 | |a Separata de: Revista tecnológico - industrial, de juliol i agost de 1903. | ||
| 590 | |a Prové de 3269, exp. 3 | ||
| 650 | |a Engranatges |9 47370 | ||
| 856 | 4 | |u https://media.diba.cat/diba/fitxers/arxiu/fulletons/bib_18622_1903_baixa.pdf |y Accés lliure | |
| 856 | 4 | |u https://media.diba.cat/diba/fitxers/arxiu/fulletons/bib_18622_1903_baixa.pdf |y Accés lliure | |
| 901 | |a Arxiu | ||
| 942 | |n 1 |2 udc | ||
| 952 | |0 0 |1 0 |4 0 |6 RF336 |7 1 |9 53842 |a Arxiu |b Arxiu |d 2016-12-01 |l 0 |o RF-3-36 |p 18622 |r 2016-12-01 00:00:00 |w 2016-12-01 |y ARXIU | ||
| 999 | |c 57708 |d 57708 | ||
| 900 | |a bib_18622_1903_baixa.pdf | ||